UBT Library

Applied behavior analysis for teachers / (Record no. 40773)

000 -LEADER
fixed length control field 00712pam a2200229 a 4500
001 - CONTROL NUMBER
control field 4506278
005 - DATE AND TIME OF LATEST TRANSACTION
control field 20180123070836.0
008 - FIXED-LENGTH DATA ELEMENTS--GENERAL INFORMATION
fixed length control field 980519s1999 njua b 001 0 eng
010 ## - LIBRARY OF CONGRESS CONTROL NUMBER
LC control number 98019203
020 ## - INTERNATIONAL STANDARD BOOK NUMBER
International Standard Book Number 013079760X
040 ## - CATALOGING SOURCE
Original cataloging agency DLC
Transcribing agency DLC
Modifying agency DLC
041 ## - LANGUAGE CODE
Language code of text/sound track or separate title eng
080 ## - UNIVERSAL DECIMAL CLASSIFICATION NUMBER
Universal Decimal Classification number 371.1024 pau
082 00 - DEWEY DECIMAL CLASSIFICATION NUMBER
Classification number 371.1024 pau
Edition number 21
100 1# - Rafti
Rafti 48
101 ## - Shkurtesa
Shkurtesa edu
245 10 - TITLE STATEMENT
Title Applied behavior analysis for teachers /
Statement of responsibility, etc Paul A. Alberto, Anne C. Troutman.
504 ## - BIBLIOGRAPHY, ETC. NOTE
Bibliography, etc Includes bibliographical references and indexes.
906 ## - LOCAL DATA ELEMENT F, LDF (RLIN)
a 7
b cbc
c orignew
d 1
e ocip
f 19
g y-gencatlg
942 ## - ADDED ENTRY ELEMENTS (KOHA)
Source of classification or shelving scheme
Item type Books
Holdings
Withdrawn status Lost status Source of classification or shelving scheme Damaged status Not for loan Collection code Permanent location Current location Shelving location Date acquired Total Checkouts Full call number Barcode Date last seen Price effective from Koha item type
          Koleksioni i përgjithshem UBT - Lipjan UBT - Lipjan Koleksioni i përgjithshem 01/23/2018   371.1024 pau 002-2996092 01/23/2018 01/23/2018 Books
UBT Library © 2015-2024. All rights reserved University Education for Business and Technology